Iowa - Statistics

Estatísticas Gerais
  • Esse quiz foi jogado 2 vezes
  • A pontuação média é 2 de 13
Estatísticas das Respostas
Imagem Resposta % Correto
Blank Park Zoo
100%
Warren
50%
Adventureland Park
0%
Amana Colonies
0%
Dallas
0%
Des Moines
0%
Des Moines Art Center
0%
Effigy Mounds National Monument
0%
Herbert Hoover National Historic Site
0%
Madison
0%
Maquoketa Caves State Park
0%
Pikes Peak State Park
0%
Polk
0%
Nenhum quiz correspondente encontrado
Distribuição das Pontuações
Porcentagem de Pessoas com Cada Pontuação
Percentil de Números Respondidos
Sua Pontuação Histórica
Você não jogou esse quiz